|
|
|
|
| LEADER |
00000nam a22000007a 4500 |
| 005 |
2022040801341.0 |
| 007 |
cr|||| |||| |
| 008 |
220408s2019 br |||||s|||| 00||0 por d |
| 020 |
|
|
|a 978-85-301-0156-5
|
| 035 |
|
|
|a 36064
|
| 040 |
|
|
|a vLex
|
| 090 |
|
|
|c 13146
|d 13146
|
| 100 |
1 |
|
|a Messias da Silva, Leda Maria
|
| 245 |
1 |
0 |
|a Temt̀icas do meio ambiente de trabalho digno
|h [Recurso electrn̤ico] /
|c Leda Maria Messias da Silva, Leandra Cauneto Alvô
|n Volume II
|
| 256 |
|
|
|a Servicio en ln̕ea
|
| 260 |
|
|
|a San Pablo:
|b LTR,
|c 2019
|
| 300 |
|
|
|a 1 recurso electrn̤ico
|
| 500 |
|
|
|a Este livro, em seu 2ð volume, trata das Temt̀icas do Meio Ambiente de Trabalho Digno, proporciona profundas reflexe̳s e nô foge das queste̳s ter̤icas e prt̀icas que envolvem o desrespeito ao princp̕io do nô retrocesso social, relativizado na “Reforma Trabalhista”. A obra ̌um convite ao leitor para refletir sobre os mais variados temas que envolvem a dignidade do trabalhador no meio ambiente de trabalho.
|
| 506 |
1 |
|
|a Disponible solo en los productos indicados
|d vLex Global
|d vLex Global (Academic Edition, excluding Law Schools)
|d vLex Global (U.S. Academic Edition, Law Schools)
|d vLex Global (U.S. Academic Edition, excluding Law Schools)
|d vLex Global (Academic Edition, Law Schools)
|
| 650 |
0 |
4 |
|a Derecho Laboral y Seguridad Social
|z Brasil
|
| 700 |
1 |
|
|a Cauneto Alvô, Leandra
|
| 740 |
0 |
|
|a vLex Libros (Servicio en ln̕ea)
|
| 856 |
4 |
0 |
|u https://app.vlex.com/#/sources/36064
|z Acceso restringido
|
| 942 |
|
|
|c BOOK
|
| 999 |
0 |
|
|a Labor law and social security
|